Responses for Show #3640 - Friday, June 2, 2000

Contestants

[<< previous game]

Rob Lewis, a systems analyst from Arlington, Virginia

Rick Magee, a college instructor from the Bronx, New York

Kevin Glaccum, an actor from Philadelphia, Pennsylvania (whose 1-day cash winnings total $8,900)

[next game >>]

Jeopardy! Round responses

U.S. GEOGRAPHY
A JOLLY CATEGORY
WHEN THE CHIPS ARE DOWN
(Alex: Computer chips.)
HITS OF 1964
(Alex: You're all too young to remember!)
POT LUCK
CROSSWORD CLUES "L"
    $100 7
Mississippi

Kevin
    $100 16
Popcorn

Rick
    $100 18
solitaire

Rick
    $100 1
(K: What is "She Loves You?")

"I Want to Hold Your Hand"

KevinRick
    $100 26
Winston Churchill

Kevin
    $100 2
Larceny

Rick
    $200 8
Blue Ridge Mountains

Rick
    $200 17
Coal

Rob
    $200 19
Virus

Rick
    $200 12
"My Guy"

Kevin
    $200 27
Amelia Earhart

Kevin
    $200 3
Lodge

Kevin
    $300 9
California

Kevin
    $300 23
the Jolly Green Giant

Rick
    $300 20
(Rob: What is a [**]?)
[Initially ruled incorrect; reversed before the start of Double Jeopardy!]

a fatal exception (or a Windows exception)

Rob
    $300 13
"Oh, Pretty Woman"

Kevin
    $300 28
(Rob: What is caution?)

Quarantine/disease

Rob
Triple Stumper
    $300 4
Logic

Kevin
    $400 10
Puget Sound

Rick
    $400 24
"The Night Before Christmas"

Rob
    $400 21
Snail mail

Rob
    $400 14
"Leader of the Pack"

Kevin
    $400 29
Punch

Kevin
    $400 5
Lottery

Kevin
    $500 11
(Rick: What is Molokai?)

Maui

RickRob
    $500 25
"Waltzing Matilda"

Kevin
    $500 22
Graphical User Interface

Rick
    $500 15
"Hello, Dolly!"

Kevin
    $500 30
Roux

Kevin
    $500 6
Lohengrin

Rob

Scores at the first commercial break (after clue 15):

Kevin Rick Rob
$2,600 $300 $1,000

Scores at the end of the Jeopardy! Round:

Kevin Rick Rob
$4,300 $1,500 $2,000

Double Jeopardy! Round responses

'70s LIT
AN ACTOR'S LIFE FOR ME
WAR!
WHAT IS IT GOOD FOR?
ABSOLUTELY NOTHING
SAY IT AGAIN
    $200 1
Dr. Watson

Kevin
    $200 2
James Dean

Rick
    $200 8
Suez Canal

Kevin
    $200 26
Anesthetic

Rick
    $200 17
Diddly/Diddley

Rob
    $200 12
(Rob: What is tut?)

Tut, tut

RickRob
    $400 3
"The Eagle Has Landed"

Rick
    $400 7
(Kevin: Who is Tim Conway?)

Harvey Korman

KevinRob
    $400 18
(Kevin: What is Athens?)
(Rick: What is Greece?)

Rome

KevinRick
Triple Stumper
    $400 27
Liver

Kevin
    $400 22
Flat

Kevin
    $400 13
Lulu

Kevin
    $600 4
"The Thorn Birds"

Kevin
    $600 9
"South Pacific"

Kevin
    $600 19
Russia

Rob
    $600 28
Calcium

Rob
    $600 23
A nothing day

Rob
    $600 14
Red Rover, Red Rover

Rick
    $800 5
Robert Ludlum

Kevin
    $800 10
(Rob: What is a baboon?)

a meerkat

Rob
Triple Stumper
    $1,200 20
Siamese

Rob
    $800 30
Lavender

Triple Stumper
    $2,000 24
(Rob: What is zilch?)
(less than a minute to go...)

Cypher

Rob
    $800 15
Koko the Clown

Triple Stumper
    $1000 6
(Rob: What is Bicentennial?)
(Kevin: What is Centennial?)

1876

KevinRob
Triple Stumper
    $1000 11
Constantin Stanislavski

Kevin
    $1000 21
British East India Company

Rob
    $1000 29
Caraway seeds

Triple Stumper
    $1000 25
Null set

Rick
    $1000 16
Floy, floy

Kevin

Scores at the end of the Double Jeopardy! Round:

Kevin Rick Rob
$8,100 $3,700 $2,600
(lock game)

[wagering suggestions for these scores]

Final Jeopardy! Round responses

'90s OLYMPIC NAMES
RobWho is Strug
$2,000
RickWho is Moceanu?
$1,600
KevinWho is Mary Lou Retton
$1,600
Kerri Strug

Final scores:

Kevin Rick Rob
$6,500 $2,100 $4,600
2-day champion: $15,400 3rd place: Polaroid Photomax Digital Camera Creative Kit 2nd place: Trip to Wyndham El Conquistador Resort, Puerto Rico

Game dynamics:

Coryat scores:

Kevin Rick Rob
$8,100 $3,700 $4,200
24 R
(including 1 DD),
4 W
15 R,
2 W
13 R
(including 1 DD),
5 W
(including 1 DD)

Combined Coryat: $16,000

[game clues] [game scores] [suggest correction]

Game tape date: 2000-02-28
The J! Archive is created by fans, for fans. Scraping, republication, monetization, and malicious use prohibited; this site may use cookies and collect identifying information. See terms. The Jeopardy! game show and all elements thereof, including but not limited to copyright and trademark thereto, are the property of Jeopardy Productions, Inc. and are protected under law. This website is not affiliated with, sponsored by, or operated by Jeopardy Productions, Inc. Join the discussion at JBoard.tv.